000 00771nas a2200241 4500
001 BR9213419
003 BR-BrBNA
005 20231205095258.0
007 ta
008 230509b bl.|||p| |||| 00| 00por d
040 _aBR-BrBNA
_bpor
_cBiblioteca Nacional de Agricultura
041 _a(Pt)
072 _aF01; H60
100 1 _aAntuniassi, U.R.
100 1 _aFurlani Junior, J.A.
245 1 _aInfluencia de diferentes intervalos de tempo entre a mobilizacao do solo e a semeadura sobre a cultura do milho (Zea mays L.)
650 _aMilho
650 _aSemeadura
650 _aErva Daninha
773 0 _tEnergia na Agricultura (Brazil)
_xISSN 0102-9169
_g(1990), v. 5(3) p. 5-13
_wBR9213419
909 _a202311
_bLúcia
_c55
_dLúcia Elande
942 _2AGRIS
_n0
_cANA
999 _c149780
_d149780